000
00337nam a2200133Ia 4500
008
240624s9999 xx 000 0 und d
041
_a
eng
082
_a
658.4063 HAM
100
_a
HAMMER MICHAEL
245
_a
REENGINEERING THE CORPORATION A MANIFEST
260
_c
2006
_a
New York
_b
HarperCollins
300
_a
272 : p.
365
_c
_b
25
999
_c
19439
_d
19439